Southville International School and Colleges
Your cart is empty.
  • Cart
  • Lists
    Public lists Eva Luna New books Lux_list list_1
    Your lists Log in to create your own lists
  • Log in to your account
  • Your cookies
  • Search history
Southville International School and Colleges
  • Advanced search
  • Recent comments
  • Most popular
  • Libraries

Log in to your account

Log in with GOOGLE


If you do not have an external account, but do have a local account, you can still log in:

  1. Home
  2. MARC view: The leadership code :
Normal view MARC view ISBD view

The leadership code : (Record no. 24729)

[ view plain ]
MARC details
000 -LEADER
fixed length control field 00630nam a2200217 a 4500
005 - DATE AND TIME OF LATEST TRANSACTION
control field 20140310183536.0
008 - FIXED-LENGTH DATA ELEMENTS--GENERAL INFORMATION
fixed length control field 110819s19uu xx 00 eng d
020 ## - INTERNATIONAL STANDARD BOOK NUMBER
International Standard Book Number 1422119017
050 ## - LIBRARY OF CONGRESS CALL NUMBER
Classification number HD 57.7
Item number .Ul444 2008
100 ## - MAIN ENTRY--PERSONAL NAME
Personal name Ulrich, Dave
245 ## - TITLE STATEMENT
Title The leadership code :
Remainder of title Five rules to lead by /
Statement of responsibility, etc Dave Ulrich; Norm Smallwood; Kate Sweetman.
260 ## - PUBLICATION, DISTRIBUTION, ETC. (IMPRINT)
Place of publication, distribution, etc Boston, Massachusetts :
Name of publisher, distributor, etc Harvard Business Press,
Date of publication, distribution, etc 2008.
300 ## - PHYSICAL DESCRIPTION
Extent 190 p. :
Dimensions 20 cm.
521 ## - TARGET AUDIENCE NOTE
Target audience note
650 ## - SUBJECT ADDED ENTRY--TOPICAL TERM
Topical term or geographic name as entry element Leadership
700 ## - ADDED ENTRY--PERSONAL NAME
Personal name Smallwood, Norm
700 ## - ADDED ENTRY--PERSONAL NAME
Personal name Sweetman, Kate
942 ## - ADDED ENTRY ELEMENTS (KOHA)
Koha item type Books
Source of classification or shelving scheme Library of Congress Classification
Call number prefix Foreign
Holdings
Withdrawn status Lost status Source of classification or shelving scheme Damaged status Home library Current library Shelving location Date acquired Source of acquisition Cost, normal purchase price Total Checkouts Full call number Barcode Date last seen Copy number Price effective from Koha item type
    Library of Congress Classification   College Library College Library General Circulation Section 10/18/2012 Donation 1366.20   HD 57.7 .Ul444 2008 C16410 05/15/2018 1 10/18/2013 Books
    Library of Congress Classification   College Library College Library General Circulation Section 01/16/2014 Donation     HD 57.7 .Ul444 2008 C13178 05/15/2018 2 01/16/2014 Books

The leadership code :

APA

Ulrich D., Smallwood N. & Sweetman K. (2008). The leadership code. Boston, Massachusetts: Harvard Business Press.

Chicago

Ulrich Dave, Smallwood Norm and Sweetman Kate. 2008. The leadership code. Boston, Massachusetts: Harvard Business Press.

Harvard

Ulrich D., Smallwood N. and Sweetman K. (2008). The leadership code. Boston, Massachusetts: Harvard Business Press.

MLA

Ulrich Dave, Smallwood Norm and Sweetman Kate. The leadership code. Boston, Massachusetts: Harvard Business Press. 2008.

  • Place hold
  • Print
  • Cite
  • Add to your cart (remove)
  • Save record
    BIBTEX Dublin Core MARCXML MARC (non-Unicode/MARC-8) MARC (Unicode/UTF-8) MARC (Unicode/UTF-8, Standard) MODS (XML) RIS
  • More searches
    Search for this title in:
    Other Libraries (WorldCat) Other Databases (Google Scholar) Online Stores (Bookfinder.com) Open Library (openlibrary.org)

Exporting to Dublin Core...

SOUTHVILLE LIBRARY

Southville International School and Colleges Library

1281 Tropical Ave. Cor. Luxembourg St., BF Homes International, Las Pinas City

Tel. No. 8256374 / 252358 Loc. 117/146

Powered by Koha